Metody matematičeskoj fiziki /
Guardado en:
| Autores principales: | , |
|---|---|
| Formato: | Libro |
| Lenguaje: | ruso |
| Publicado: |
Moskva :
Gosudarstvennoje izd. techniko - teoret. lit.,
1951
|
| Edición: | 2.ispr.izd. |
| Etiquetas: |
Sin Etiquetas, Sea el primero en etiquetar este registro!
|
MARC
| LEADER | 00000nam a22000003a 4500 | ||
|---|---|---|---|
| 001 | stu4633 | ||
| 005 | 20150617225810.5 | ||
| 008 | 931012s1951----xxr-----------------rus-d | ||
| 040 | |a STU |b slo | ||
| 041 | 0 | |a rus | |
| 044 | |a xxr | ||
| 080 | |a 51 |7 stu_us_auth*stu8333 | ||
| 080 | |a 53 |7 stu_us_auth*stu7966 | ||
| 100 | 1 | |a Kurant, R |4 aut | |
| 245 | 1 | |a Metody matematičeskoj fiziki / |c [aut.] Kurant,R.; Giľbert,D | |
| 250 | |a 2.ispr.izd. | ||
| 260 | |a Moskva : |b Gosudarstvennoje izd. techniko - teoret. lit., |c 1951 | ||
| 300 | |a 544 s | ||
| 700 | 1 | |a Giľbert, D |4 aut | |
| 996 | |b E78321 |c E*78321 |l EE03 |s P |a 0 |w stu4633_0001 | ||